Statystyki dla Państwa z 2 lub więcej lotniskami HD w RFS

Kliknij tutaj aby rozwiązać quiz!

Ogólne statystyki

  • Ten quiz został rozwiązany 5 razy
  • Średni wynik to 63 z 71

Statystyki odpowiedzi

Liczba lotniskOdpowiedź% Poprawnych
4Arabia Saudyjska
100%
6Argentyna
100%
22Australia
100%
2Austria
100%
2Belgia
100%
7Boliwia
100%
47Brazylia
100%
9Chile
100%
22Chiny
100%
5Dania
100%
3Demokratyczna Republika Konga
100%
2Dominikana
100%
5Egipt
100%
3Ekwador
100%
9Filipiny
100%
4Finlandia
100%
10Francja
100%
11Hiszpania
100%
3Holandia
100%
16Indie
100%
20Indonezja
100%
2Irak
100%
2Irlandia
100%
4Islandia
100%
13Japonia
100%
2Jemen
100%
7Kanada
100%
9Korea Południowa
100%
2Kostaryka
100%
2Kuba
100%
9Maroko
100%
7Meksyk
100%
12Niemcy
100%
4Nigeria
100%
9Norwegia
100%
4Nowa Zelandia
100%
8Peru
100%
3Polska
100%
5Portugalia
100%
3Republika Południowej Afryki
100%
19Rosja
100%
3Rumunia
100%
57Stany Zjednoczone
100%
4Szwajcaria
100%
4Szwecja
100%
9Tajlandia
100%
5Tunezja
100%
7Turcja
100%
2Ukraina
100%
10Wenezuela
100%
19Wielka Brytania
100%
11Włochy
100%
3Zjednoczone Emiraty Arabskie
100%
3Grecja
80%
17Kolumbia
80%
2Kongo
80%
2Łotwa
80%
6Wietnam
80%
3Bahamy
60%
2Chorwacja
60%
5Kenia
60%
2Nepal
60%
2Panama
60%
2Tajwan
60%
3Tanzania
60%
2Fidżi
40%
3Malediwy
40%
2Mikronezja
40%
2Mozambik
40%
2Republika Zielonego Przylądka
40%
2Macedonia Północna
20%

Rozkład punktacji

Percentyl według liczby udzielonych odpowiedzi

Procent ludzi z każdym wynikiem

Twoja historia wyników

Nie rozwiązałeś tego quizu